Регионална библиотека "Любен Каравелов" - Русе

Активността на детето в детската градина (Запис номер 10355)

MARC детайли
000 -Лидер
Контролно поле с фиксирана дължина 02110nam a2200385 c 4500
003 - Код на организацията, давaща контролен номер
Контролно поле BLK
005 - Дата и час на последна редакция
Контролно поле 20240701154715.0
008 - Елементи от данни с фиксирана дължина
fixed length control field 180412b bul|||||r ||||||| ||bul||
010 ## - Наследен системен номер
LC control number KNG00011841000
020 ## - Международен стандартен номер на книга ISBN
Международен стандартен номер на книга ISBN 954-01-0509-9
040 ## - Източник на каталожния запис
Идентификатор на билиотеката - собственик на записа BLK
041 ## - Код за език
Код за езика на текст/звукозапис или на отделно заглавие Български
Код за езика КДБФ Български
080 ## - УДК
Текстов определител УДК Предучилищно възпитание
УДК код - определител по УДК 373.2.016
УДК - код + определител 373.2.016
100 1# - Редна дума - Автор
Автор Витанова, Надежда Борисова
Авторска отговорност първи автор
R(LIN) 244537
139 ## - Редно поле
Редна дума Витанова, Надежда Борисова
Авторски знак Акт - А 45
245 10 - Сведения за заглавието
Заглавие Активността на детето в детската градина
Подзаглавни данни Кн. за учителя
Редно поле (дума) Надежда Борисова Витанова; под ред. на Надежда Борисова Витанова.
257 ## - Страна на издаване
Страна на създаване/издаване България
260 ## - Област на издателските данни
Име на издателя, разпространителя и проч. Просвета
Година на издаване 1994
Печатница Враца : Полипринт
Място на издаване, разпространение и проч. София
300 ## - Физическа характеристика
Страници 280 с.
Илюстрации и др. с ил.
Размери/Мащаб 24 см
380 ## - Жанр
Жанр Обществени науки
500 ## - Общи забележки
Забележка Други авт.: Н. В. Колева, Е. К. Попова, О. Ал. Занков, Г. Ив. Стоянова, Б. М. Ангелов, Ф. Хр. Стоянова ; Пълното име на първата авт. е Надежда Борисова Витанова-Савова. а печатница: Полипринт
650 #4 - Допълнително описание по предмет – тема
Основно описание – тема или топоним Предучилищно възпитание - методика на преподаването
9 (RLIN) 242554
650 #0 - Допълнително описание по предмет – тема
Основно описание – тема или топоним Детски градини - учебно-възпитателна работа - методика
9 (RLIN) 251868
650 #4 - Допълнително описание по предмет – тема
Основно описание – тема или топоним Учебно-възпитателна работа - в детските градини - методика на преподаването
9 (RLIN) 242555
653 ## - Ключова дума – ненормативна
Ключова дума предучилищно възпитание
653 ## - Ключова дума – ненормативна
Ключова дума детски градини
700 1# - Други автори (авторска отговорност)
Лично име Витанова, Надежда Борисова
Автороска отговорност (Описва отношението между автора и произведението) под ред. на
9 (RLIN) 364390
852 ## - Местоположение
Форматна сигнатура Цб 181952
856 4# - Електронен адрес и достъп
Електронен формат pdf - файл
Път до файла /url/
856 4# - Електронен адрес и достъп
Електронен формат pdf - файл
Път до файла /url/
999 ## - СИСТЕМНИ КОНТРОЛНИ НОМЕРА
Koha biblionumber 10355
Koha biblioitemnumber 10355
942 ## - АРТИКУЛИ
Вид на библиотечния материал Книги
Скрит в OPAC Не
Koha issues (borrowed), all copies 9
Периодичен библиозапис Да
944 ## - СЪЗДАВАНЕ И РЕДАКЦИЯ на ЗАПИСА
Създаване/Редакция Създаване
Дата на регистрацията/редакция 15.01.2003
Служител, извършил регистрацията/редакцията 30531
Статус, дата на статуса Цветелина Шанова
944 ## - СЪЗДАВАНЕ И РЕДАКЦИЯ на ЗАПИСА
Създаване/Редакция Редакция
Дата на регистрацията/редакция 19.10.2005
999 ## - СИСТЕМНИ КОНТРОЛНИ НОМЕРА
Koha biblioitemnumber 10355
Наличности
Код за отписване Код за изгубен артикул Източник на класификационната схема Код за повреда Коз за рестрикции Код за отдаване Артикулен № Име на библиотеката - собственик Име на библиотеката, в която се намира в момента Статус (Текущо местоположение) Дата на вписване в системата Местоположение - отдел Цена в лева Инвентарен номер Систематично азбучна сигнатура Баркод Номер на екземпляра Цена в евро Служебна бележка Служебен тип на артикула
  Не е изгубен Universal Decimal Classification Не е повреден без рестрикции ползва се в читалня 17951 Регионална библиотека "Любен Каравелов" Русе Регионална библиотека "Любен Каравелов" Русе Читалня 2001-01-01 Читалня 0.40 620751 Ч 373.2+373.3/А 45 120000620751 1 0.20 Дата инв: 15.03.2017 Бележки инв: Ч2017 Книги
  Не е изгубен Universal Decimal Classification Не е повреден без рестрикции заемане за дома 17952 Регионална библиотека "Любен Каравелов" Русе Регионална библиотека "Любен Каравелов" Русе Заемна - подръчен фонд 2001-01-01 Заемна - подръчен фонд 0.40 620752 373.2.016/А 45 120000620752 2 0.20 Дата инв: 08.02.2018 Бележки инв: П2018 Книги
  Не е изгубен Universal Decimal Classification Не е повреден без рестрикции ползва се в читалня 17953 Регионална библиотека "Любен Каравелов" Русе Регионална библиотека "Любен Каравелов" Русе Хранилище 1994-01-01 Хранилище 1.31 607935 Цб 181952 120000607935 3 0.67 Дост: Dp Вид: Д N: стар фонд Дата: 01.01.1994 Дата инв: 06.01.2015 Бележки инв: Цб2015 Книги
Vip Innovations Ltd, Rousse, Bulgaria 2025